[Event "SeniorDM"]
[Site "?"]
[Date "2017.02.18"]
[Round "7.8"]
[White "Strachan, Christian C."]
[Black "Olesen, Poul Erik Nørgaard"]
[Result "1/2-1/2"]
[BlackElo "2013"]
[WhiteElo "1883"]
[LiveChessVersion "1.4.8"]

1. e4 {[%clk 1:30:57]} g6 {[%clk 1:30:51]} 2. d4 {[%clk 1:31:22]} Bg7
{[%clk 1:31:15]} 3. c4 {[%clk 1:31:45]} d6 {[%clk 1:31:22]} 4. Nc3
{[%clk 1:32:01]} Nf6 {[%clk 1:31:39]} 5. Be2 {[%clk 1:30:34]} O-O
{[%clk 1:31:23]} 6. Nf3 {[%clk 1:30:56]} c5 {[%clk 1:28:52]} 7. Be3
{[%clk 1:25:16]} Ng4 {[%clk 1:23:57]} 8. O-O {[%clk 1:20:20]} Nxe3
{[%clk 1:20:42]} 9. fxe3 {[%clk 1:20:13]} Nc6 {[%clk 1:16:15]} 10. Qd2
{[%clk 1:14:33]} Bg4 {[%clk 1:01:59]} 11. d5 {[%clk 1:14:04]} Bxf3
{[%clk 0:59:59]} 12. gxf3 {[%clk 1:12:41]} Ne5 {[%clk 0:57:29]} 13. f4
{[%clk 1:12:29]} Nd7 {[%clk 0:57:40]} 14. Bd3 {[%clk 1:08:26]} a6
{[%clk 0:52:55]} 15. Ne2 {[%clk 1:03:55]} Qb6 {[%clk 0:47:22]} 16. Rab1
{[%clk 1:03:54]} Rac8 {[%clk 0:45:15]} 17. a3 {[%clk 0:54:40]} Qc7
{[%clk 0:37:55]} 18. Kh1 {[%clk 0:50:24]} b5 {[%clk 0:33:01]} 19. b3
{[%clk 0:48:13]} Rb8 {[%clk 0:30:47]} 20. Rfc1 {[%clk 0:38:29]} Rb6
{[%clk 0:26:36]} 21. cxb5 {[%clk 0:37:56]} axb5 {[%clk 0:26:54]} 22. Nd4
{[%clk 0:38:10]} Qb7 {[%clk 0:24:08]} 23. Ne2 {[%clk 0:26:51]} Ra8
{[%clk 0:22:22]} 24. a4 {[%clk 0:19:38]} bxa4 {[%clk 0:22:07]} 25. bxa4
{[%clk 0:19:59]} Rxa4 {[%clk 0:22:13]} 26. Rxb6 {[%clk 0:18:37]} Qxb6
{[%clk 0:22:31]} 27. Kg2 {[%clk 0:14:15]} Qb4 {[%clk 0:20:55]} 28. Qd1
{[%clk 0:13:16]} Qa5 {[%clk 0:19:39]} 29. Bc2 {[%clk 0:06:50]} Ra1
{[%clk 0:16:10]} 30. Rxa1 {[%clk 0:06:44]} Qxa1 {[%clk 0:16:31]} 31. Qd3
{[%clk 0:06:12]} Qa5 {[%clk 0:16:20]} 32. Qb3 {[%clk 0:05:21]} Nb6
{[%clk 0:16:04]} 33. Kf3 {[%clk 0:04:24]} Bf6 {[%clk 0:15:18]} 34. Bd3
{[%clk 0:03:34]} Kg7 {[%clk 0:14:41]} 35. Qb5 {[%clk 0:02:50]} Qxb5
{[%clk 0:14:04]} 36. Bxb5 {[%clk 0:03:15]} Bb2 {[%clk 0:12:16]} 37. Kf2
{[%clk 0:02:56]} Kf6 {[%clk 0:10:23]} 38. Ke1 {[%clk 0:02:01]} e6
{[%clk 0:09:37]} 39. dxe6 Kxe6 {[%clk 0:09:42]} 40. Kd2 {[%clk 0:02:25]} f5
{[%clk 0:08:54]} 41. Ng3 {[%clk 0:29:18]} fxe4 {[%clk 0:31:13]} 42. Nxe4
{[%clk 0:29:36]} Bf6 {[%clk 0:30:54]} 43. Be2 {[%clk 0:29:14]} Be7
{[%clk 0:30:19]} 44. Bg4+ {[%clk 0:29:03]} Kf7 {[%clk 0:29:23]} 45. Nc3
{[%clk 0:26:30]} d5 {[%clk 0:28:03]} 46. Kd3 {[%clk 0:21:28]} Bf6
{[%clk 0:21:47]} 47. Ne2 {[%clk 0:20:50]} Ke7 {[%clk 0:20:05]} 48. Bf3
{[%clk 0:20:36]} c4+ {[%clk 0:18:42]} 49. Kc2 {[%clk 0:20:44]} Kd7
{[%clk 0:17:50]} 50. h3 {[%clk 0:16:46]} Bg7 {[%clk 0:16:12]} 51. Kd2
{[%clk 0:13:04]} Kd6 {[%clk 0:15:34]} 52. Nc3 {[%clk 0:10:07]} Bxc3+
{[%clk 0:13:55]} 53. Kxc3 {[%clk 0:10:31]} Kc5 {[%clk 0:14:15]} 54. Bg4
{[%clk 0:10:06]} Na4+ {[%clk 0:13:52]} 55. Kc2 {[%clk 0:10:31]} Kb4
{[%clk 0:12:06]} 56. Be6 {[%clk 0:10:39]} Kc5 {[%clk 0:07:21]} 57. Bg8
{[%clk 0:10:49]} h6 {[%clk 0:07:40]} 58. h4 {[%clk 0:11:13]} d4 {[%clk 0:07:34]}
59. exd4+ {[%clk 0:11:19]} Kxd4 {[%clk 0:07:40]} 60. Bh7 {[%clk 0:08:59]} Ke4
{[%clk 0:07:46]} 61. Bxg6+ {[%clk 0:09:26]} Kxf4 {[%clk 0:08:01]} 62. h5
{[%clk 0:09:39]} Ke3 {[%clk 0:07:51]} 63. Bf7 {[%clk 0:09:47]} Kd4
{[%clk 0:08:03]} 64. Bg6 {[%clk 0:08:09]} Nc5 {[%clk 0:08:02]} 65. Bf7
{[%clk 0:07:38]} Nd3 {[%clk 0:08:06]} 66. Bg6 {[%clk 0:07:18]} Nb4+
{[%clk 0:08:25]} 67. Kb2 {[%clk 0:05:34]} c3+ {[%clk 0:07:50]} 68. Kb3
{[%clk 0:05:43]} Nd5 {[%clk 0:07:38]} 69. Kc2 {[%clk 0:04:36]} Ne3+
{[%clk 0:07:42]} 70. Kb3 {[%clk 0:04:01]} Nd5 {[%clk 0:07:18]} 71. Kc2
{[%clk 0:04:13]} Nf4 {[%clk 0:07:18]} 72. Bf7 {[%clk 0:04:22]} Ne2
{[%clk 0:06:52]} 73. Bg6 {[%clk 0:04:33]} Nf4 {[%clk 0:06:19]} 74. Bf7
{[%clk 0:04:49]} Nh3 {[%clk 0:06:22]} 75. Bg6 {[%clk 0:04:29]} Nf2
{[%clk 0:06:39]} 76. Bf5 {[%clk 0:04:32]} Nh1 {[%clk 0:06:25]} 77. Bg6
{[%clk 0:04:45]} Ng3 {[%clk 0:06:47]} 78. Bf7 {[%clk 0:04:46]} Nf1
{[%clk 0:07:08]} 79. Bg6 {[%clk 0:05:00]} Ne3+ {[%clk 0:06:36]} 80. Kb3
{[%clk 0:05:12]} Nc4 {[%clk 0:06:17]} 81. Kc2 {[%clk 0:05:25]} Ne3+
{[%clk 0:04:39]} 82. Kb3 {[%clk 0:05:46]} Nd5 {[%clk 0:04:51]} 83. Kc2
{[%clk 0:05:37]} Nf4 {[%clk 0:05:14]} 84. Kb3 Nxh5 85. Bxh5 Kd3 86. Bg6+ Kd4 87.
Bh5 Kd3 88. Bg4 Kd2 89. Bh5 1/2-1/2